00820nam a2200217 a 450000100100000000500170001000800410002702000150006804000250008308200150010810000300012324500550015325000110020826000440021930000280026349000130029159000750030483000200037995201860039999900170058500003491520200930074002.0111021s1987 mx a 000 0 spa d a9683800084 aDO-SdBNPbspacBNPHU axxxxbxxxx1 aCarillo A., Rafael96048110aPosada y el grabado mexicano /cRafael Carrillo A. a4a ed. aMéxico, :bEditorial panorama,c1987. a156 p. :bil. ;c18 cm.1 aPanorama aPerteneció a la biblioteca personal de Juan Isidro Jimenes Grullón 0aPanorama920255 001050718MOaGRbGRcHDd2011-10-21iLF1l0oxxxx xxxxp34915-10r2020-06-25w2020-06-25y1zPerteneció a la biblioteca personal de Juan Isidro Jimenes Grullón.ZNo se presta c34406d34406